000 00625nam a2200229Ia 4500
003 OSt
005 20220918190822.0
006 a|||||r|||| 00| 0
007 ta
008 220917b |||||||| |||| 00| 0 eng d
024 _a59,738
037 _cTextual
040 _aARTS
_cARTS
_beng
041 _2eng
_aeng
082 _aO:2u73:N5, H6
100 _aQuinn Arthur Hobson
_955479
245 0 _aHistory of the American drama from the civil war to the present day
260 _c1946
650 _aENGLISH LITERATURE
942 _hO:2u73:N5, H6
_cTEXL
_2CC
999 _c186926
_d186926